Представление документа в формате MARC21

Поле Инд. ПП Название Значение
Тип записи a
Библиографический уровень m
001 Контрольный номер 72735edf-dc0d-11da-b02a-008048b56a28
005 Дата корректировки 20140703144110.4
008 Кодируемые данные 060505
020 a ISBN 5-94692-363-3
c Цена, тираж 160.00
040 a Служба первич. каталог. НБ ТвГУ
041 a Код языка текста rus
080 a Индекс УДК 519.8(075.8)
084 a Индекс другой классификации/Индекс ББК В183я73-1
090 x Авторский знак К71
a Полочн. индекс В183
100 1_ a Автор Косоруков Олег Анатольевич
245 10 a Заглавие Исследование операций
b Продолж. заглавия учеб. для студентов вузов, обучающихся по специальности 061800 "Мат. методы в экономике" и др. экон. специальностям
c Ответственность О. А. Косоруков, А. В. Мищенко ; под общ. ред. Н. П. Тихомирова ; Рос. экон. акад. им. Г. В. Плеханова
260 0_ a Место издания Москва
b Издательство Экзамен
c Дата издания 2003
300 a Объем 445, [1] с.
b Иллюстрации/ тип воспроизводства ил.
504 a Библиография Библиогр. в конце кн.
583 a Действие Получение впервые 163 05.05.2006
k Исполнитель действия ООО"Кроун"
650 a Основная рубрика Операций исследование
x Основная подрубрика Учебники для вузов
653 a Ключевые слова Исследование операций
700 1_ a Другие авторы Мищенко Александр Владимирович
e Роль лиц авт.
700 1_ a Другие авторы Тихомиров Н. П.
e Роль лиц ред.
852 t Порядковый номер экземпляра 6
p Инвентарный номер 841247
p Инвентарный номер 841248
p Инвентарный номер 841249
p Инвентарный номер 841250
p Инвентарный номер 841251
p Инвентарный номер 841252
863 t 00143459
863 t 00143460
863 t 00143461
863 t 00143462
863 t 00143463
863 t 00143464
888 a За счет средств университета
930 a Новая/Ретро учебники
952 p 163.2006 160.00 1 841247
p 163.2006 160.00 1 841248
p 163.2006 160.00 1 841249
p 163.2006 160.00 1 841250
p 163.2006 160.00 1 841251
p 163.2006 160.00 1 841252
c Вид литературы К ру
954 a Дата поступления на обработку 20060522
999 a Подразделение 2 Фил1